Information storage and retrieval

Αποθηκεύτηκε σε:
Λεπτομέρειες βιβλιογραφικής εγγραφής
Κύριος συγγραφέας: Korfhage, Robert R.
Μορφή: Βιβλίο
Γλώσσα:English
Δημοσίευση: New York : John Wiley, c1997
Θέματα:
Ετικέτες: Προσθήκη ετικέτας
Δεν υπάρχουν, Καταχωρήστε ετικέτα πρώτοι!

MARC

LEADER 00000nam a2200000 i 4500
001 1/98221
008 000119s1997 eng d
020 |a 0471143383 
035 |l 10056435 
040 |a GR-MY-UA  |b gre  |e aacr 
041 0 |a eng 
082 0 |a 025.04 
100 1 |a Korfhage, Robert R. 
245 1 0 |a Information storage and retrieval /  |c Robert R. Korfhage 
260 |a New York :   |b John Wiley,   |c c1997 
300 |a xiii, 349 p.;  |b ill.;  |c 25 cm. 
504 |a Includes bibliographical references and index 
650 0 0 |a Database management. 
650 0 0 |a Information storage and retrieval systems. 
852 |a INST  |b SAMOS  |e 20000119  |h 025.04 KOR  |p 005300015995  |q 005300015995  |t BK  |y 0 
901 |a BIBL3-2000-1 
909 |a Σ  |b 071196 
922 |a 3ΕΛΗ  |b 199912  |c ΤΠΕΣ  |d ΠΑΠΑΣΩΤΗΡΙΟΥ 
950 |a 133-1999-07-20 
970 |a ΠΟΥΡΝΑΡΑΣ  |b ΔΗΜΗΤΡΗΣ  |z 2000/01/19